| 000 | 00898nam a2200241 a 4500 | ||
|---|---|---|---|
| 001 | BRCA_7992 | ||
| 005 | 20190320210102.0 | ||
| 008 | 130314s1970----enka###f##---#000-0#eng-# | ||
| 041 | _aeng | ||
| 044 | _aenk | ||
| 245 | 1 | 0 |
_aThe antique dealer and collectors guide _bjapanese tsuba , holitsch and brussels faience _cAlison Brand, editor ; Alec X. Snobel, publishier. |
| 260 |
_aLondon _bCity Magazine _c1970 |
||
| 300 |
_a121 p. _bil. (algunas a color) _c28 cm. |
||
| 440 | 0 |
_aThe antique dealer and collectors guide _pOctubre 1970 _v1 _919833 |
|
| 500 | _a3032 | ||
| 500 | _aPublicación inventariada como libro por el Banco de México | ||
| 650 | 1 | 4 |
_aAntiguedades _vRevistas y guías _zInglaterra _919834 |
| 650 | 1 | 4 |
_aAntiguedades _vColeccionistas y colecciones _zInglaterra _919835 |
| 700 | 1 |
_aBrand, Alison _eed. _910733 |
|
| 700 | 1 |
_aSnobel, Alec X. _919836 |
|
| 902 | _aGFM | ||
| 942 |
_2lcc _cB |
||
| 999 |
_c7661 _d7661 |
||